শ্রেষ্ঠ প্রবন্ধ / (Record no. 834)
[ view plain ]
| 000 -LEADER | |
|---|---|
| fixed length control field | 00900cam a2200289 a 4500 |
| 001 - CONTROL NUMBER | |
| JCCL Control Number | 834 |
| 003 - CONTROL NUMBER IDENTIFIER | |
| JCCL marc code | OSt |
| 005 - DATE AND TIME OF LATEST TRANSACTION | |
| control field | 20221025134021.0 |
| 008 - FIXED-LENGTH DATA ELEMENTS--GENERAL INFORMATION | |
| fixed length control field | 110929s2011 bg 000 0 beno |
| 020 ## - INTERNATIONAL STANDARD BOOK NUMBER | |
| International Standard Book Number | 9847012001943 |
| 035 ## - SYSTEM CONTROL NUMBER | |
| system control number | (BD-JhCC)834 |
| 040 ## - CATALOGING SOURCE | |
| Original cataloging agency | DLC |
| Description conventions | rda |
| Transcribing agency | DLC |
| Modifying agency | DLC |
| 041 ## - LANGUAGE CODE | |
| Language code of Book | ben |
| 050 00 - LIBRARY OF CONGRESS CALL NUMBER | |
| Classification number | PK1701 |
| Item number | .S2982 2011 |
| 082 ## - DEWEY DECIMAL CLASSIFICATION NUMBER | |
| Classification number | 891.4409 |
| Author mark and Year | SOR 2012 |
| 100 1# - MAIN ENTRY--PERSONAL NAME | |
| Personal name | সরকার, যতীন |
| 240 10 - UNIFORM TITLE | |
| Uniform title | Essays. |
| 245 10 - TITLE STATEMENT | |
| Title | শ্রেষ্ঠ প্রবন্ধ / |
| Statement of responsibility, etc | যতীন সরকার |
| 246 31 - VARYING FORM OF TITLE | |
| Title proper/short title | Shreshthya probandho |
| 260 ## - PUBLICATION, DISTRIBUTION, ETC. (IMPRINT) | |
| Place of publication, distribution, etc | ঢাকা : |
| Name of publisher, distributor, etc | অন্যপ্রকাশ, |
| Date of publication, distribution, etc | ২০১২. |
| 300 ## - PHYSICAL DESCRIPTION | |
| Pagination | 319 p. : |
| Dimensions | 22 cm. |
| 500 ## - GENERAL NOTE | |
| General note | Essays. |
| 520 ## - SUMMARY, ETC. | |
| Summary, etc | Critical essays chiefly on Bengali literature; includes articles on socio and political issues of Bangladesh. |
| 650 #0 - SUBJECT ADDED ENTRY--TOPICAL TERM | |
| Topical term or geographic name as entry element | Bengali Literature |
| 942 ## - ADDED ENTRY ELEMENTS (KOHA) | |
| Source of classification or shelving scheme | Dewey Decimal Classification |
| Koha item type | Books |
| Koha issues (borrowed), all copies | 1 |
| Source of classification or shelving scheme | Damaged status | Not for loan | Home library | Current library | Date of accession | Cost, normal purchase price | Total Checkouts | Full call number | Barcode | Date last seen | Date checked out | Copy number | Koha item type |
|---|---|---|---|---|---|---|---|---|---|---|---|---|---|
| Dewey Decimal Classification | JCC Rouf Library | JCC Rouf Library | 10/10/2017 | 300.00 | 1 | 891.4401 SOR 2012 | 1806 | 10/31/2022 | 10/24/2022 | C-1 | Books |